African Currencies Quiz - Statistics

General Stats
  • This quiz has been taken 599 times
  • The average score is 14 of 54
Answer Stats
Hint Answer % Correct
Algeria Algerian Dinar
88%
Angola Kwanza
69%
Botswana Pula
49%
Egypt Egyptian Pound
47%
Burundi Burundi Franc
39%
Kenya Kenyan Shilling
39%
Libya Libyan Dinar
38%
Cape Verde Cape Verdean Escudo
37%
Ethiopia Ethiopian Birr
36%
South Africa South African Rand
34%
Ghana Cedi
31%
Comoros Comorian Franc
31%
Djibouti Djiboutian Franc
31%
Dem. Republic of Congo Congolese Franc
30%
Morocco Moroccan Dirham
29%
Liberia Liberian Dollar
28%
Nigeria Naira
27%
South Sudan South Sudanese Pound
27%
Sudan Sudanese Pound
27%
Sierra Leone Sierra Leonean Leone
26%
Gambia Dalasi
25%
Eritrea Nakfa
25%
Guinea Guinean Franc
24%
Madagascar Malagasy Ariary
24%
Mauritius Mauritian Rupee
24%
Tunisia Tunisian Dinar
24%
Lesotho Loti
23%
Tanzania Tanzanian Shilling
23%
Benin West African CFA
23%
Malawi Malawian Kwacha
22%
Somalia Somali Shilling
22%
Zambia Zambian Kwacha
22%
Mozambique New Mozambique Metical
21%
Rwanda Rwandan Franc
21%
Uganda Ugandan Shilling
21%
Cameroon Central African Franc
19%
Central African Republic Central African Franc
19%
Namibia Namibian Dollar
19%
Seychelles Seychellois Rupee
19%
Chad Central African Franc
18%
Equatorial Guinea Central African Franc
17%
Gabon Central African Franc
16%
Sao Tome and Principe Sao Tome Dobra
16%
Burkina Faso West African Franc
16%
Mauritania Ouguiya
14%
Swaziland Lilangeni
13%
Republic of Congo Central African CFA
12%
Guinea-Bissau West African Franc
11%
Cote D'Ivoire West African Franc
11%
Mali West African Franc
9%
Zimbabwe American Dollar
8%
Senegal West African Franc
7%
Niger West African Franc
6%
Togo West African Franc
5%
No matching quizzes found
Score Distribution
Percent of People with Each Score
Percentile by Number Answered
Your Score History
You have not taken this quiz